[Event "BEL-ch op"]
[Site "Niel"]
[Date "2017.07.02"]
[Round "2"]
[White "Pirard, Natan"]
[Black "Decrop, Benjamin"]
[Result "1/2-1/2"]
[WhiteElo "1997"]
[BlackElo "2182"]
[PlyCount "121"]
[EventDate "2017.07.01"]
[EventType "swiss"]
[EventRounds "9"]
[EventCountry "BEL"]
[SourceTitle "EXT 2018"]
[Source "ChessBase"]
[SourceDate "2017.10.13"]
[SourceVersion "1"]
[SourceVersionDate "2017.10.13"]
[SourceQuality "1"]

1. e4 c5 2. Nf3 e6 3. d3 Nc6 4. g3 Nf6 5. Bg2 Be7 6. 0-0 0-0 7. Qe2 d6 8. c3 Bd7 9. Nbd2 Qc7 10. h4 a6 11. Nh2 Kh8 12. f4 Ng8 13. Re1 f5 14. Nc4 b5 15. Ne3 Rae8 16. Bf3 Bf6 17. Qg2 Nge7 18. exf5 exf5 19. Bd2 Nd8 20. Nhf1 Bc6 21. Nd5 Nxd5 22. Bxd5 Qb7 23. Bxc6 Qxc6 24. Ne3 g6 25. Nd5 Kg7 26. Kf2 Ne6 27. Qh1 Kf7 28. Re3 Ng7 29. Rae1 Rxe3 30. Rxe3 Re8 31. Qf3 Rxe3 32. Bxe3 Ne8 33. Bc1 Bg7 34. h5 Nf6 35. hxg6+ hxg6 36. Nxf6 Qxf3+ 37. Kxf3 Bxf6 38. c4 bxc4 39. dxc4 Ke6 40. b3 Bc3 41. Be3 Kd7 42. g4 Kc6 43. gxf5 gxf5 44. Ke2 Kb6 45. Kd3 Be1 46. Ke2 Bg3 47. Bd2 Kc6 48. Kf3 Bh4 49. Ke2 Bf6 50. Kd3 Bb2 51. Kc2 Bg7 52. Kd3 Bb2 53. Kc2 Ba3 54. Kd3 Kb6 55. Kc2 a5 56. Bc3 Bb4 57. a4 Bxc3 58. Kxc3 Kc6 59. Kd2 Kd7 60. Kd3 Ke7 61. Ke2 1/2-1/2

[Event "Brasschaat op 16th"]
[Site "Brasschaat"]
[Date "2016.08.27"]
[Round "8"]
[White "De Wit, Michel"]
[Black "Decrop, Benjamin"]
[Result "1-0"]
[WhiteElo "2224"]
[BlackElo "2103"]
[PlyCount "57"]
[EventDate "2016.08.20"]
[EventType "swiss"]
[EventRounds "9"]
[EventCountry "BEL"]
[SourceTitle "CBM 174 Extra"]
[Source "ChessBase"]
[SourceDate "2016.10.10"]
[SourceVersion "1"]
[SourceVersionDate "2016.10.10"]
[SourceQuality "1"]

1. e4 c5 2. c3 e6 3. Nf3 d5 4. exd5 exd5 5. d4 Nc6 6. Be2 Nf6 7. 0-0 c4 8. b3 cxb3 9. axb3 Bd6 10. c4 0-0 11. Nc3 h6 12. Nb5 Bb8 13. Bb2 Re8 14. Re1 Be6 15. Qc1 a6 16. Na3 Bg4 17. Nc2 Qc7 18. Ne5 Bxe2 19. Rxe2 Na5 20. Ra4 Nxb3 21. Qe1 Rxe5 22. dxe5 dxc4 23. Na3 Nd7 24. Rxc4 Ndc5 25. Qc3 b5 26. Rg4 Qd7 27. Rxg7+ Kxg7 28. e6+ Qd4 29. Qxd4+ 1-0

[Event "Brasschaat op 16th"]
[Site "Brasschaat"]
[Date "2016.08.23"]
[Round "4"]
[White "Decrop, Benjamin"]
[Black "Dgebuadze, Alexandre"]
[Result "0-1"]
[WhiteElo "2103"]
[BlackElo "2498"]
[PlyCount "44"]
[EventDate "2016.08.20"]
[EventType "swiss"]
[EventRounds "9"]
[EventCountry "BEL"]
[SourceTitle "CBM 174 Extra"]
[Source "ChessBase"]
[SourceDate "2016.10.10"]
[SourceVersion "1"]
[SourceVersionDate "2016.10.10"]
[SourceQuality "1"]

1. d4 e6 2. c4 Bb4+ 3. Bd2 a5 4. e4 Ne7 5. Nf3 d5 6. a3 dxe4 7. axb4 exf3 8. Qxf3 Nbc6 9. bxa5 Nxd4 10. Qc3 e5 11. Bd3 0-0 12. Na3 c5 13. Nb5 Nec6 14. Nxd4 exd4 15. Qc2 Re8+ 16. Kd1 h6 17. Re1 Be6 18. Bh7+ Kh8 19. Be4 Nxa5 20. Rxa5 Rxa5 21. Bxa5 Qxa5 22. Bf5 Qxe1+ 0-1